Microsoft COBOL compiler (Record no. 9100)

MARC details
000 -LEADER
fixed length control field 00528nam a2200169Ia 4500
003 - CONTROL NUMBER IDENTIFIER
control field IN-BaIIA
008 - FIXED-LENGTH DATA ELEMENTS--GENERAL INFORMATION
fixed length control field 211028s9999 xx 000 0 eng d
040 ## - CATALOGING SOURCE
Transcribing agency IIA Library
080 ## - UNIVERSAL DECIMAL CLASSIFICATION NUMBER
Universal Decimal Classification number 519.68(035)
Item number MIC
110 ## - MAIN ENTRY--CORPORATE NAME
Corporate name or jurisdiction name as entry element Microsoft Corporation
9 (RLIN) 15277
245 #0 - TITLE STATEMENT
Title Microsoft COBOL compiler
Remainder of title for the MS-DOS operating system user's guide
Statement of responsibility, etc. Microsoft Cobal Compiler
300 ## - PHYSICAL DESCRIPTION
Extent xv, 150p.
650 ## - SUBJECT ADDED ENTRY--TOPICAL TERM
Topical term or geographic name entry element COBOL DOS
9 (RLIN) 15278
650 ## - SUBJECT ADDED ENTRY--TOPICAL TERM
Topical term or geographic name entry element Computer programming
650 ## - SUBJECT ADDED ENTRY--TOPICAL TERM
Topical term or geographic name entry element NASA Thesaurus
942 ## - ADDED ENTRY ELEMENTS (KOHA)
Koha item type Books
Holdings
Withdrawn status Lost status Damaged status Not for loan Home library Current library Shelving location Date acquired Cost, normal purchase price Total Checkouts Full call number Barcode Date last seen Cost, replacement price Price effective from Koha item type Purchase Price
        IIA Library-Bangalore IIA Library-Bangalore General Stacks   250.00   519.68(035)/ MIC 10002 05/11/2021 250.00   Books Rs. 250

Powered by Koha